High School English Classes - Statistics

General Stats
  • This quiz has been taken 21 times
  • The average score is 4 of 9
Answer Stats
Answer % Correct
American Literature
75%
British Literature
69%
World Literature
69%
Women In Literature
63%
Creative Writing
56%
Debate
19%
Poetry
19%
Journalism
13%
Rhetoric
13%
No matching quizzes found
Score Distribution
Percent of People with Each Score
Percentile by Number Answered
Your Score History
You have not taken this quiz